000 01679nam a2200361Ia 4500
001 dia_5797
003 CHAP
005 20240124132805.0
007 ta
008 220117s1989 mx e fr 001 0 spa d
040 _cCHAP
_amxchpua
090 _aT.C.82
_bP66 ETIPA
_c1989
245 1 0 _aCOVEMEX, S. A. de C. V. :
_bcongeladora de vegetales de México, Apaseo el Grande, Guanajuato /
_ccoordinador Pedro Ponce Hernández ; colaboradores J. Juan Conteras Méndez...[et al.]
260 _aMéxico :
_bEl autor,
_c1989
300 _acerca 50 hojas :
_bdiagramas, tablas, planos
336 _2rdacontent
_atexto
_btxt
337 _2rdamedia
_asin medio
_bn
338 _2rdacarrier
_avolumen
_bnc
502 _aViaje de estudios
_b(ETIPA) --
_cUACh. Departamento de Ingeniería Agroindustrial,
_d1989
504 _aIncluye bibliografía
505 0 _a8 planos -- 1. Plano de planta (Esc. 1:125) -- 2. Listado de equipo (Esc. 1:125) -- 3. Diagrama isométrico (Esc. 1:150) -- 4. Diagrama isométrico, energía eléctrica y agua potable (Esc. 1:125) -- 5. Sección de tratamiento de aguas negras -- 6. Plano de localización -- 7. Diagrama isométrico energía eléctrica y aire comprimido -- 8. Diagrama isométrico de área de recepción
650 1 3 _aHortalizas congeladas
_9153062
650 1 3 _aFrozen vegetables
_9153061
700 1 _aPonce Hernández, Pedro
_9147918
_ecoordinador
700 1 _aContreras Méndez, J. Juan
_9159676
_ecolaborador
901 _aT.C.82 P66 ETIPA 1989
902 _aM
905 _a5322271989 mx ine 8223123322spa16
942 _2local
942 _cVE
999 _c176882
_d176882